More Barnes & Noble Classics Covers Quiz Stats

Quiz Updated Mar 20, 2015

Challenge
Share
Tweet
Score 0/25 Timer 05:00
2 Plays Today
% Correct
War and Peace
92.9%
Oliver Twist
76.9%
The Adventures of Tom Sawyer
67.8%
The Call of the Wild and White Fang
67.2%
Heart of Darkness
65.4%
The Jungle Book
58.7%
Jane Eyre
54.8%
The Hunchback of Notre Dame
53.3%
The Count of Monte Cristo
50.3%
The Strange Case of Dr. Jekyll and Mr. Hyde
41.7%
The Picture of Dorian Gray
37.7%
The Aeneid
37.4%
The Pilgrim's Progress
33.8%
% Correct
Tess of the d'Urbervilles
33.3%
The House of Seven Gables
31.2%
Vanity Fair
30.3%
Utopia
29.5%
Persuasion
26.6%
Journey to the Center of the Earth
24.4%
The Idiot
21.7%
Confessions
17.5%
The Age of Innocence
16.4%
This Side of Paradise
13.8%
The Histories
13.8%
Sister Carrie
13.3%

You're not logged in!

Compare scores with friends on all Sporcle quizzes.
Sign Up with Email
OR
Log In

You Might Also Like...

Show Comments

Extras

Top Quizzes Today


Score Distribution

Your Account Isn't Verified!

In order to create a playlist on Sporcle, you need to verify the email address you used during registration. Go to your Sporcle Settings to finish the process.